| 000 | 00983nam a2200301Ia 4500 | ||
|---|---|---|---|
| 003 | OSt | ||
| 005 | 20221007121346.0 | ||
| 006 | a|||||r|||| 00| 0 | ||
| 007 | ta | ||
| 008 | 221006b |||||||| |||| 00| 0 eng d | ||
| 020 | _a9789400756871 (hbk) | ||
| 024 | _a192583 | ||
| 037 |
_b327, 26/02/2015, Vardhman Books _cTextual |
||
| 040 |
_aBDL _cBDL _beng |
||
| 041 |
_2eng _aeng |
||
| 082 | _aJ:6, Q3 Carb | ||
| 100 |
_aLubberstedt Thomas Ed. _9711592 |
||
| 245 | 0 |
_aDiagnostics in plant breeding _b Varshney Rajeev K Ed. |
|
| 260 |
_aNew _bYork Springer _c2013 |
||
| 300 |
_axv, 521p. ill. _ccm. |
||
| 500 | _aIndex 517-521p. | ||
| 650 |
_a Non-DNA _9711593 |
||
| 650 |
_a Statistical considerations _9711594 |
||
| 650 |
_aValidation of QTPs _9711595 |
||
| 700 |
_a Varshney Rajeev K Ed. _9458440 |
||
| 942 |
_hJ:6, Q3 Carb _cTEXL _2CC |
||
| 999 |
_c1208775 _d1208775 |
||